Normal view
MARC view
- الشواربي ، عبد الحميد
Entry Personal Name
001 - CONTROL NUMBER
- control field: 9838
003 - CONTROL NUMBER IDENTIFIER
- control field: JO-AjAnu
005 - DATE AND TIME OF LATEST TRANSACTION
- control field: 20230606071900.0
008 - FIXED-LENGTH DATA ELEMENTS
- fixed length control field: 230606|| aca||aabn | a|a d
040 ## - CATALOGING SOURCE
- Original cataloging agency: JO-AjAnu
- Transcribing agency: JO-AjAnu
100 ## - HEADING--PERSONAL NAME
- Personal name: الشواربي ، عبد الحميد
670 ## - SOURCE DATA FOUND
- Source citation: Work cat.: (JO-AjAnu)5071: الشواربي ، عبد الحميد , author, جرائم الايذاء في ضوء القضاء و الفقه : القتل العمد ، القتل الخطأ ، الضرب و الجرح